Nothing about us without us : (Record no. 11227)

000 -LEADER
fixed length control field 00578nam a22001577a 4500
008 - FIXED-LENGTH DATA ELEMENTS--GENERAL INFORMATION
fixed length control field 160701b xxu||||| |||| 00| 0 eng d
020 ## - INTERNATIONAL STANDARD BOOK NUMBER
International Standard Book Number 09655558533
050 ## - LIBRARY OF CONGRESS CALL NUMBER
Classification number HV 1569.5 .W47 1998
100 ## - MAIN ENTRY--PERSONAL NAME
Personal name Werner, David
Dates associated with a name 1998
245 ## - TITLE STATEMENT
Title Nothing about us without us :
Remainder of title developing innovative technologies for, by and with disabled persond/
Statement of responsibility, etc. David Werner
260 ## - PUBLICATION, DISTRIBUTION, ETC. (IMPRINT)
Place of publication, distribution, etc. Palo Alto :
Name of publisher, distributor, etc. Health Rights.,
Date of publication, distribution, etc. 1998.
300 ## - PHYSICAL DESCRIPTION
Extent ix, 350p.:
Other physical details ill;
Dimensions 28cm.
500 ## - GENERAL NOTE
General note Includes index.
650 ## - SUBJECT ADDED ENTRY--TOPICAL TERM
Topical term or geographic name as entry element People with disabilities.
942 ## - ADDED ENTRY ELEMENTS (KOHA)
Source of classification or shelving scheme
Koha item type Short Loan Books
Classification part HV 1569.5 .W47 1998
Holdings
Withdrawn status Lost status Source of classification or shelving scheme Damaged status Not for loan Home library Current library Shelving location Date acquired Source of acquisition Total Checkouts Full call number Barcode Date last seen Price effective from Koha item type
          MACHAKOS UNIVERSITY LIBRARY MACHAKOS UNIVERSITY LIBRARY Short Loan 01/07/2016 Purchase   HV 1569.5 .W47 1998 22186 29/07/2016 01/07/2016 Short Loan Books
© Machakos University Library, Along The Highway, Machakos Wote Rd, Machakos, Kenya P.O. Box 136 - 90100 Machakos - Kenya

Tel: ( +254 ) 723 805829 OR Fax : 044-20353 OR Email: library@mksu.ac.ke